Normal view
MARC view
- Combs, Gerald F.
Entry Personal Name
001 - CONTROL NUMBER
- control field: 5064
003 - CONTROL NUMBER IDENTIFIER
- control field: OSt
005 - DATE AND TIME OF LATEST TRANSACTION
- control field: 20170516125149.0
008 - FIXED-LENGTH DATA ELEMENTS
- fixed length control field: 170516|| aca||aabn | a|a d
040 ## - CATALOGING SOURCE
- Original cataloging agency: OSt
- Transcribing agency: OSt
100 ## - HEADING--PERSONAL NAME
- Personal name: Combs, Gerald F.
670 ## - SOURCE DATA FOUND
- Source citation: Work cat.: (OSt): Selenium in biology and medicine, 1987.

PORTAL AKMAL
E-MEL JKDM
AKMAL2U
G-BAM
u-PUSTAKA